The construction of communalism in colonial North India (Record no. 3460)

MARC details
000 -LEADER
fixed length control field 00815 a2200217 4500
008 - FIXED-LENGTH DATA ELEMENTS--GENERAL INFORMATION
fixed length control field 120830t xxu||||| |||| 00| 0 eng d
010 ## - LCCN (DPL NO)
LC control number ENG-85781
020 ## - INTERNATIONAL STANDARD BOOK NUMBER
International Standard Book Number 0195683641
Terms of availability 295.00
035 ## - SYSTEM CONTROL NUMBER
System control number EN-69314
037 ## - SOURCE OF ACQUISITION
Source of stock number/acquisition D.B.Act / PUB
082 14 - DEWEY DECIMAL CLASSIFICATION NUMBER
Classification number 302.140954
100 1# - MAIN ENTRY--PERSONAL NAME
Personal name Pandey, Gyanendra
9 (RLIN) 51787
245 1# - TITLE STATEMENT
Title The construction of communalism in colonial North India
Statement of responsibility, etc by Gyanendra Pandey
250 ## - EDITION STATEMENT
Edition statement 2nd ed.
260 ## - PUBLICATION, DISTRIBUTION, ETC. (IMPRINT)
Place of publication, distribution, etc New Delhi
Name of publisher, distributor, etc Oxford University Press
Date of publication, distribution, etc 2006
270 ## - ADDRESS
Address YMCA Library Building, Jai Singh Road,
City New Delhi, Akshaya Prakashan
State or province Delhi
Postal code 110 001
300 ## - PHYSICAL DESCRIPTION
Extent xxii, 320p.
Dimensions 22cm (pbk)
500 ## - GENERAL NOTE
General note Includes bibliographical references and index
942 ## - ADDED ENTRY ELEMENTS (KOHA)
Institution code [OBSOLETE] dpl
Item type English Books
Call number prefix 302.140954 / PAN
Source of classification or shelving scheme Dewey Decimal Classification
Holdings
Withdrawn status Lost status Source of classification or shelving scheme Damaged status Not for loan Collection code Home library Current library Source of acquisition Cost, normal purchase price Total Checkouts Full call number Barcode Date last seen Copy number Cost, replacement price Koha item type
    Dewey Decimal Classification   Not For Loan Non-fiction D.B.Act.Division D.B.Act.Division DBAD/PUB 295.00   302.140954 PAN EN-69314 15/09/2008 1 295.00 English Books

© Delhi Public Library
Hit Counter
free hit counter